LEADER 01149nam a2200265 i 4500 001 000000356690 003 CaOOAMICUS 005 20240110140515.0 008 240110s2023 fr u000 u fre u 020 $a978-2-204-16216-6 040 $aSeMil$bita 100 1 $aGabellieri, Emmanuel,$d<1957- >.$0(OLS)http://semarc/name/84759 245 10$aÊtre et grâce :$bSimone Weil et le christianisme /$cEmmanuel Gabellieri. 264 1$aParis :$bLes Éditions du Cerf,$c2023. 300 $a279 p. ;$c22 cm 490 1 $aPhilosophie & théologie 600 14$aWeil, Simone <1909-1943>.$0(OLS)http://semarc/subject/8687 650 4$aTeologia e filosofia.$0(OLS)http://semarc/subject/4797 830 0$aPhilosophie & théologie.$0(OLS)http://semarc/title/8604 850 $aSeMil 852 $aSeMil$W1$xVenegono$y1$m2XA A 72$j245396$B247880$CSeMilBibl$Z2$F247880 $81 996 $6020$a978-2-204-16216-6$9(OLS)http://semarc/number/299605 996 $6245$aÊtre et grâce :$bSimone Weil et le christianisme$9(OLS)http://semarc/title/446943 996 $6264$aParis :$bLes Éditions du Cerf$9(OLS)http://semarc/publisher/29611 LEADER 01384nam a2200277 4500 001 000000350999 003 CaOOAMICUS 005 20220726122629.0 008 220726s2022 ne a 000 u eng r 020 $a978-90-04-51027-2 040 $aSeMil$bita 100 1 $aGrendler, Paul F.,$d<1936- >.$0(OLS)http://semarc/name/33942 245 10$aHumanism, universities, and Jesuit education in late Renaissance Italy /$cby Paul F. Grendler. 264 1$aLeiden ; Boston :$bBrill,$c2022. 300 $aXII, 517 p. :$bill. ;$c25 cm 490 1 $aHistory of early modern educational thought ;$v4 650 4$aEducazione umanistica - Italia - Storia - Sec. 16.-17.$0(OLS)http://semarc/subject/52686 650 4$aUmanesimo - Italia - Storia.$0(OLS)http://semarc/subject/52687 650 4$aGesuiti - Collegi universitari - Sec. 16.-17.$0(OLS)http://semarc/subject/52688 830 0$aHistory of early modern educational thought ;$v4.$0(OLS)http://semarc/title/439809 850 $aSeMil 852 $aSeMil$W1$xVenegono$y1$m2XA N 4$j233653$B242044$CSeMilBibl$Z2$F242044 $81 996 $6020$a978-90-04-51027-2$9(OLS)http://semarc/number/296359 996 $6245$aHumanism, universities, and Jesuit education in late Renaissance Italy$9(OLS)http://semarc/title/440803 996 $6264$aLeiden ; Boston :$bBrill$9(OLS)http://semarc/publisher/39473